Cele mai mari județe din România - Statistics

General Stats
  • This quiz has been taken 4 times
  • The average score is 14 of 20
Answer Stats
Suprafață Județ % Correct
6674 km² Cluj
100%
7071 km² Constanța
100%
8553 km² Suceava
100%
8697 km² Timiș
100%
8499 km² Tulcea
100%
6242 km² Alba
75%
6621 km² Bacău
75%
7544 km² Bihor
75%
6103 km² Buzău
75%
7414 km² Dolj
75%
6304 km² Maramureș
75%
5896 km² Neamț
75%
7754 km² Arad
50%
6826 km² Argeș
50%
8520 km² Caraș-Severin
50%
6639 km² Harghita
50%
7063 km² Hunedoara
50%
6714 km² Mureș
50%
5790 km² Teleorman
50%
5765 km² Vâlcea
50%
No matching quizzes found
Score Distribution
Percent of People with Each Score
Percentile by Number Answered
Your Score History
You have not taken this quiz